000 00216nam a22000857a 4500
008 161227b xxu||||| |||| 00| 0 eng d
100 _92185
_aGupta.S.P
245 _aWork Book SST. History-7
260 _aNew Delhi
_bAPC
_c2011
999 _c5074
_d5074